Tourismuskonzept: St. Margarethen im Burgenland

Saved in:
Bibliographic Details
Main Author: Weinberger, Christian
Other Authors: Michálková, Anna, 1968-
Format: Book
Language:German
Published: Wien Wirtschaftsuniversität Wien 1995
Subjects:
Tags: Add Tag
No Tags, Be the first to tag this record!

MARC

LEADER 00000nam a2200000 4500
001 0128139
005 20240503084921.3
041 0 |a ger 
044 |a AT 
245 1 0 |a Tourismuskonzept: St. Margarethen im Burgenland  |c Projektleitung: Christian Weinberger ; Arbeitsgruppen: Anna Michalkova ... [et al.] 
264 1 |a Wien  |b Wirtschaftsuniversität Wien  |c 1995 
300 |a 129 s. 
610 2 0 |a obce 
610 2 0 |a regióny 
610 2 0 |a infraštruktúra 
610 2 0 |a turistika 
610 2 0 |a rozvoj regionálny 
610 2 0 |a analýzy 
610 2 0 |a koncepcie 
610 2 0 |a prostredie životné 
610 2 0 |a kultúra 
610 2 0 |a marketing 
610 2 0 |a Rakúsko 
100 1 |a Weinberger, Christian 
700 1 |a Michálková, Anna, 1968-